Представление документа в формате MARC21

Поле Инд. ПП Название Значение
Тип записи a
Библиографический уровень b
001 Контрольный номер RU/IS/BASE/235055054
005 Дата корректировки 20200604150544.9
040 b Код языка каталог. rus
e Правила каталог. PSBO
041 0_ a Код языка текста rus
084 a Индекс другой классификации/Индекс ББК 81.411.2-22; 74.480.2
100 1_ a Автор Гао Синь
245 10 a Заглавие Формально-грамматическая функция порядка слов в русском субстантивном словосочетании
b Продолж. заглавия (в зеркале китайского языка)
504 a Библиография Библиогр.: с. 133
650 04 a Основная рубрика высшее образование
a Основная рубрика грамматика
a Основная рубрика дидактика
a Основная рубрика методика преподавания
a Основная рубрика образование
a Основная рубрика профессиональное образование
a Основная рубрика русский язык
a Основная рубрика филологические науки
a Основная рубрика частное языкознание
a Основная рубрика языкознание
653 0_ a Ключевые слова китайский язык
a Ключевые слова определение
a Ключевые слова порядок слов
a Ключевые слова преподавание иностранных языков
a Ключевые слова преподавание русского языка
a Ключевые слова русский язык как иностранный
a Ключевые слова словосочетания
773 0_ t Заглавие источника Вестник Московского университета. Серия 9, Филология
d Дата издания источника 2007
g Прочая информация № 1. - С. 131 - 133
w Контрольный № источника RU/IS/BASE/229700507
901 t Тип документа b